History Quiz

Random History or Biography Quiz
Score 0/20 Timer 06:00
3 Plays Today
Biography Channel Profile 'D' Person % Correct
He is best known for his work as a naturalist, developing a theory of evolution to explain biological change.Charles Darwin
94%
He was a British children's book author best known for the much loved book 'Charlie and the Chocolate Factory' which was twice adapted to film.Roald Dahl
85.1%
He was an Italian poet, known by his first name, whose 'The Divine Comedy' has made an enduring impression on the worlds of literature and theology.Dante (Alighieri)
84.4%
He was a Spanish surrealist painter known for works like 'The Persistence of Memory.'Salvador Dalí
82.1%
She was a Biblical figure who tricked strongman Samson into revealing that the secret to his strength was in his long hair.Delilah
80.5%
He was an American motion-picture and television producer and showman, famous as a pioneer of cartoon films and the creator of [Answer] World.Walt Disney
72.1%
He was an American comedian and actor, known for the catchphrase 'I don't get no respect.' He starred in 'Easy Money' and 'Caddyshack.'Rodney Dangerfield
71.4%
A Scottish writer and spiritualist, he created the detective Sherlock Holmes - one of the most vivid and enduring characters in English fiction.Arthur Conan Doyle
65.4%
As the lead singer of the band the Who, he has delighted and surprised rock music fans with his powerful and versatile voice for more than four decades.Roger Daltrey
57.5%
He was an English novelist, pamphleteer, and journalist, best known for his novels 'Robinson Crusoe' and 'Moll Flanders.'Daniel Defoe
55.2%
Biography Channel Profile 'D' Person % Correct
He played the title role on the goofy 1960s TV sitcom 'Gilligan's Island.'Bob Denver
49.5%
He was a U.S. Army officer, once thought to be the inventor of baseball until the game was found to be of English origin.Abner Doubleday
42.2%
A former slave and eminent human rights leader in the abolition movement, he was the first black citizen to hold a high U.S. government rank.Frederick Douglass
41.8%
He was a French fashion designer whose post–World War II creations were wildly popular, and whose legacy continues to influence the fashion industryChristian Dior
39.5%
He was a member of the 1960s created-for-television rock group, The Monkees. Micky Dolenz
38.6%
He was Haiti’s president for 14 years. He operated an absolutist regime and caused nearly 30,000 deaths.Francois Duvalier
34.9%
She became the youngest person at the time to win an Oscar for playing Helen Keller in 'The Miracle Worker' at age 16.Patty Duke
29.9%
She was a novelist and playwright whose famous works 'Rebecca' and 'The Birds' were made into films by Alfred Hitchcock.Daphne Du Maurier
26.7%
He was a lawyer who worked as defense counsel in many dramatic criminal trials, as for John Scopes and Leopold and Loeb.Clarence Darrow
25.7%
She was a dancer who performed in a new, less restrictive form. Many regard her as the mother of modern dance. She died in a gruesome scarf-related car accident.Isadora Duncan
20.6%

You're not logged in!

Compare scores with friends on all Sporcle quizzes.
OR
Log In

Sporcle TV

Today on Sporcle TV


Watch our educational content, quiz creation guides, and fun videos on Sporcle TV.

Show Comments

Extras

Top Quizzes Today


Score Distribution

Paid Content

Your Account Isn't Verified!

In order to create a playlist on Sporcle, you need to verify the email address you used during registration. Go to your Sporcle Settings to finish the process.

Report this User

Report this user for behavior that violates our Community Guidelines.

Details: